Visualizzazione normale
Vista MARC
- Gaszynski M.
di Personal Name
Records bibliografici associati: 1
001 - CONTROL NUMBER
- control field: 24909
003 - CONTROL NUMBER IDENTIFIER
- control field: IT-RoPau
005 - DATE AND TIME OF LATEST TRANSACTION
- control field: 20140514123543.0
008 - FIXED-LENGTH DATA ELEMENTS
- fixed length control field: 140514|| aca||aabn | a|a d
040 ## - CATALOGING SOURCE
- Original cataloging agency: IT-RoPau
- Transcribing agency: IT-RoPau
100 ## - HEADING--PERSONAL NAME
- Personal name: Gaszynski M.
- Dates associated with a name: Codice autore SPICS: 25193
- Relator term: Autore
- Name of part/section of a work: Gdzie Jest Wczorajszy Dzien - Za Mna Nie Ogladaj Sie - Nie Szukaj Jej
670 ## - SOURCE DATA FOUND
- Source citation: Work cat.: (IT-RoPau)102577: AA.VV. 794, Z Archiwum Polskiego Beatu, vol. 19 (Lp Sx 2527)